000 00875nam a2200241 a 4500
001 000009708
005 20250219074027.0
020 _a9945068059
030 _a091001s2006 dr a r 001 0 spa d
040 _aDO-SdBNP
_bspa
_cBNPHU
082 _aA861.5
_bB361d
100 1 _aBayo, Adriana Romina,
_d1980-
_924604
245 1 0 _aDanza de soledades /
_cAdriana Romina Bayo ; edición Isael Pérez ; prólogo Carmen Pérez Valerio.
260 _aSanto Domingo :
_bBúho,
_c2006.
300 _a86 p. :
_bil. ;
_c22 cm.
500 _aIncluye datos biográficos de la autora en la solapa de la cubierta.
590 _aInventariado, 2019 / DG
650 4 _aPoesía argentina
_93859
650 4 _aLiteratura argentina
_93860
700 1 _aPérez, Isael,
_d1961-
_eed.
_91414
700 1 _aPérez Valerio, Carmen,
_epról.
_924605
910 _aValidado. Control de calidad. MMOLINA
999 _c9468
_d9468